000 00435nam a2200169Ia 4500
008 230524s9999 xx 000 0 und d
082 _a642.321
_bBOS
100 _aSujit Ku.Bose
_97088
245 0 _aElementary Analytical Mechanics
250 _a1st
260 _aNEW DELHI
_bNarosa
_c2000
300 _aXIII;455
500 _aQuantity Number: 1
650 _aMechanics
700 _a" Devidas ,Chottoraj,,,"
_97089
942 _cBK
999 _c10244
_d10244